NATURAL forests and/or plantations?

Bibliographic Details
Other Authors: Forster
Format: Book
Published: Munchen, Germany : DFS Deutsche Forstservice GmbH , 1990
Subjects:

MARC

LEADER 00000cam a2200000 7i4500
001 0000002526
005 20030717.0
090 0 0 |a 634.9   |b NAT 1990 
245 0 0 |a NATURAL forests and/or plantations?   |c H. Forster ... (et al.) 
260 0 0 |a Munchen, Germany :   |b DFS Deutsche Forstservice GmbH ,   |c 1990 
300 |a 79 p. ;   |c 21 cm. 
500 0 0 |a Bibliography : p. 54-58 
500 0 0 |a Texts in English, German and French 
650 0 0 |a Forests and forestry 
700 0 1 |a Forster   |h H. 
998 |a JPSM 
999 |a 0000004650   |b Monograph   |c Open Shelf   |e Default branch